| 000 | 00428nam a2200157 i 4500 | ||
|---|---|---|---|
| 001 | 90178 | ||
| 003 | ES-MaACL | ||
| 005 | 20230906180353.0 | ||
| 007 | t| | ||
| 008 | 050119q1952 sp ||||1| spa d | ||
| 100 | 1 |
_aLeal Insua, Francisco. _970976 |
|
| 245 | 1 | 0 |
_aPrimer semillero de poemas / _cFrancisco Leal Insua. |
| 260 |
_a[S.l. : _bZandro, _c[1952?] |
||
| 300 |
_a51 p. ; _c18 cm. |
||
| 852 |
_aES-MaACL _j1947-F-8 _bR.33175 |
||
| 999 |
_c90178 _d90178 |
||